| 000 | 00621nam a22001937a 4500 | ||
|---|---|---|---|
| 005 | 20251108173416.0 | ||
| 008 | 250721s2006 xx 000 0 ara d | ||
| 020 | _a9957022466 | ||
| 082 | 1 | 4 | _a327.11/ فهم |
| 100 | 1 | _aفهمي، عبد القادر محمد | |
| 245 | 1 | 0 | _aالمدخل إلى دراسة الإستراتيجية / |
| 264 | 1 |
_aعمان : _bدار مجدلاوي للنشر و التوزيع، _c2006. |
|
| 300 | _a343ص. | ||
| 650 | 1 | 7 | _aالإستراتيجية |
| 650 | 1 | 7 | _aالعلاقات الدولية |
| 650 | 1 | 7 | _aالسياسة الدولية |
| 942 |
_2ddc _cBK |
||
| 999 |
_c103194 _d103194 |
||